000 01047cam a2200349 a 4500
001 82460
005 20230410103610.0
008 060815s2005 ve b 000 0bspa d
010 _a 2006495745
035 _a(OCoLC)ocn166343797
040 _aNYP
_cNYP
_dDLC
020 _a9806428609
020 _a9789806428607
035 _a(OCoLC)166343797
042 _alccopycat
043 _as-ve---
050 1 4 _a120 F 2323
_bM672M 2005
100 1 _aMondolfi, Edgardo.
245 1 0 _aMiranda en ocho contiendas /
_cEdgardo Mondolfi Gudat.
250 _a1. ed.
260 _aCaracas :
_bFundacion Bigott,
_c2005.
300 _a216 p. ;
_c23 cm.
440 0 _aBigotteca.
_pSerie Historia
504 _aIncludes bibliographical references (p. 211-213).
600 1 0 _aMiranda, Francisco de,
_d1750-1816.
650 0 _aRevolutionaries
_zVenezuela
_vBiography.
600 1 4 _aMiranda, Francisco de,
_d1750-1816
_vBiografĂ­as.
650 4 _aRevolucionarios
_zVenezuela
_vBiografĂ­as.
942 _2lcc
_cbk
946 _alh
994 _aC0
_bDRFGD
999 _c22133
_d22133